| 000 | 00660nam a2200193Ia 4500 | ||
|---|---|---|---|
| 003 | GCL | ||
| 008 | 140319s9999 xx 000 0 ara d | ||
| 040 |
_aGCL / _cGCL |
||
| 082 | 0 | 4 |
_a610.9 _bر ك |
| 100 | 1 | _aسلمان قطاية(تقديم) | |
| 245 | 1 | 0 |
_aكتاب ما الفارق او الفروق او كلام فى الفروق بين الامراض / _cسلمان قطاية(تقديم) |
| 700 | 1 | _aالرازى, محمد بن ابى بكر بن عبد | |
| 300 | _a344 ص | ||
| 490 |
_a100 قصة _v0 |
||
| 650 | 0 | 4 | _aالعلوم عند العرب |
| 650 | 0 | 4 | _aالامراض - تاريخ |
| 650 | 0 | 4 | _aالطب - تاريخ |
| 942 |
_2ddc _cBK |
||
| 999 |
_c43723 _d43723 |
||